History by Images - 'U' - Statistics

General Stats
  • This quiz has been taken 51 times
  • The average score is 8 of 16
Answer Stats
Picture Hint Answer % Correct
Sumerian city-state Ur
98%
He was the dictator of __ Uganda
96%
Ayers Rock Uluru
94%
Planet discovered by him Uranus
94%
WWII German submarines U-Boat
85%
Pope known as Odo of Chatillon Urban II
71%
One of the D-Day beaches Utah Beach
58%
Caliphate founded by Muawiya I Umayyad
48%
Italian king assassinated in 1900 Umberto I
40%
First recorded settlers were Scythians Uzbekistan
33%
Roman fortress Traiectum Utrecht
19%
Today's Warka Uruk
15%
Launched in October 2004 Ubuntu
13%
Ancient Indian Sanskrit texts Upanishads
10%
Once the largest Middle Eastern lake Urmia
4%
Late Bronze Age shipwreck Uluburun
0%
No matching quizzes found
Score Distribution
Percent of People with Each Score
Percentile by Number Answered
Your Score History
You have not taken this quiz